000 03514nam0a2200397 4500
001 RU\NLR\BIBL_A\012802606
005 20260405092309.0
010 _a978-5-907472-00-6
_92000
021 _aRU
_b2022-12036
_9КН-П-1024
035 _a(NLR Aleph) 012802606
035 _a(RuMoRGB)010993173
090 _a13187666
_c13187666
100 _a20220527d2021 u y0rusy50 ca
101 0 _arus
102 _aRU
105 _ay a 000zb
181 0 _ai4
_baxxe
182 0 _an
200 1 _aГригорий Зиновьев. Отвергнутый вождь мировой революции
_eполитическая биография
_fЖуков Юрий Николаевич
203 _aТекст
_bвизуальный
_cнепосредственный
210 _aМосква
_cКонцептуал
_d2021
215 _a555 с.
_d25
300 _aНа 4-й с. обл. авт.: Ю. Жуков - д-р ист. наук, д. чл. Рус. геогр. о-ва
320 _aБиблиогр. в подстроч. примеч.
330 _aГригорий Зиновьев - революционер, советский политический и государственный деятель. После смерти Ленина он был одним из главных претендентов на лидерство в партии и сыграл ключевую роль в возвышении Иосифа Сталина. Однако уже в 1935 году Зиновьева арестовали и вскоре расстреляли. Как вышло, что такого влиятельного человека приговорили к высшей мере наказания? Зиновьев - террорист, готовивший покушение на Сталина, или очередная жертва политических интриг? Разгадать эти тайны удалось доктору исторических наук Юрию Жукову. Перед вами не просто политическая биография, а убедительное историческое расследование с редкими документальными свидетельствами: письмами, выступлениями и воспоминаниями лидеров СССР, а также ранее неизвестными архивными материалами. Книга не просто проливает свет на загадочную личность Зиновьева, но и помогает глубже понять самого Сталина: что заставило его отказаться от идеи мировой революции и на какие жертвы пришлось ради этого пойти
333 _a16+
600 1 _aЗиновьев
_bГ.Е.
_f1883 - 1936
_gГригорий Евсеевич
_jБиографии
_92332677
_3RU\NLR\AUTH\661394817
675 _a94(47+57)(092)<1917>
_v4
686 1 _aТ3(2)7-8
686 1 _aФ61(2)8
700 1 _8rus
_7ca
_aЖуков
_bЮ. Н.
_cисторик
_f1938-
_gЮрий Николаевич
_3RU\NLR\AUTH\7733434
_916442
702 1 _4280
_aЗиновьев
_bГ. Е.
_cпартийный и государственный деятель
_f1883-1936
_gГригорий Евсеевич
_9141300
_3RU\NLR\AUTH\770141336
942 _cBOOK
980 _aNB